000 02377nam a22002657a 4500
005 20240305165631.0
007 cr|||| ||||
008 220502s2020 ea |||||s|||| 00||0 spa d
020 _a978-84-122527-5-0
035 _a35593
040 _avLex
090 _c13253
_d13253
100 1 _aMontero Hernanz, Tomás
245 1 2 _aLa justicia penal juvenil en Iberoamérica
_h[Recurso electrónico] :
_bLibro homenaje a D. Elías Carranza /
_cTomás Montero Hernanz
256 _aServicio en línea
260 _aBarcelona:
_bJ.M. Bosch Editor,
_c2020
300 _a1 recurso electrónico
500 _aAunque pudiera pensarse que entrados en el siglo XXI los derechos de la infancia están plenamente afianzados a nivel mundial, su reconocimiento es algo relativamente reciente y aún no asentado. En la formación y evolución de los sistemas nacionales de justicia juvenil han jugado un papel determinante los instrumentos internacionales, en particular la Convención sobre los Derechos del Niño de 1989. En el marco de Iberoamérica, los 22 países que conforman la Conferencia de Ministros de Justicia de Países Iberoamericanos (COMJIB) procedieron a su rápida ratificación y, salvo Argentina y Cuba, todos se han dotado de un marco normativo en materia de justicia juvenil post Convención. Pero esa aceptación jurídica de la Convención, ratificada por todos e incluso incorporada a sus constituciones de forma expresa por muchos, no siempre se corresponde con una aceptación material, una recepción real, en cuanto no es aplicada, y prueba de ello son los informes periódicos del Comité de Derechos del Niño, donde ningún país sale indemne. En esta obra se analizan, desde diversas ópticas, algunos aspectos generales de la justicia juvenil en Iberoamérica, así como aspectos concretos de 10 países de la región, a través de expertos referentes en la materia
506 1 _aDisponible solo en los productos indicados
_dvLex Global
_dvLex Global (Academic Edition, excluding Law Schools)
_dvLex Global (U.S. Academic Edition, Law Schools)
_dvLex Global (U.S. Academic Edition, excluding Law Schools)
_dvLex Global (Academic Edition, Law Schools)
650 0 4 _aDerecho Penal
_zEspaña
650 0 4 _aDerecho Internacional
_zEspaña
740 0 _avLex Libros (Servicio en línea)
856 4 0 _uhttps://app.vlex.com/#/sources/35593
942 _cRAA
999 _c171489
_d171489